| 000 | 00389 a2200109 4500 | ||
|---|---|---|---|
| 001 | ART_14734 | ||
| 005 | 20260410161613.0 | ||
| 008 | 260409a | ||
| 245 | 1 | 0 | _aCómo las ejecutivas estrella construyen talentos transportables |
| 100 | 1 | _aGroysberg, Boris | |
| 773 | 0 |
_tHarvard Business Review _gLo que un nuevo líder necesita saber - Vol. 86, Nº 2 (feb. 2008) _wREV340 |
|
| 999 |
_c10850 _d10850 |
||